Theory of lubrication / (Record no. 75638)

MARC details
000 -LEADER
fixed length control field 00712nam a22002297a 4500
005 - DATE AND TIME OF LATEST TRANSACTION
control field 20130515120921.0
010 ## - LCCN (DPL NO)
LC control number ENG-107155
020 ## - INTERNATIONAL STANDARD BOOK NUMBER
International Standard Book Number 9781259006043
Terms of availability 895.00
020 ## - INTERNATIONAL STANDARD BOOK NUMBER
International Standard Book Number 1259006042
Terms of availability 895.00
035 ## - SYSTEM CONTROL NUMBER
System control number EN-90688
037 ## - SOURCE OF ACQUISITION
Source of stock number/acquisition DBAD/PUB
082 ## - DEWEY DECIMAL CLASSIFICATION NUMBER
Classification number 621.89
100 ## - MAIN ENTRY--PERSONAL NAME
Personal name Ghosh, Mihir Kumar
245 ## - TITLE STATEMENT
Title Theory of lubrication /
Statement of responsibility, etc by Mihir Kumar Ghosh, Bankim Chandra Majumdar [and] Mihir Sarangi
260 ## - PUBLICATION, DISTRIBUTION, ETC. (IMPRINT)
Place of publication, distribution, etc New Delhi
Name of publisher, distributor, etc Tata McGraw-Hill
Date of publication, distribution, etc 2013
270 ## - ADDRESS
Address 7 West Patel Nagar
City New Delhi
Postal code 110008
300 ## - PHYSICAL DESCRIPTION
Extent xvii,472p :
Other physical details ill.
Dimensions 24cm(pbk)
500 ## - GENERAL NOTE
General note Includes index.
700 ## - ADDED ENTRY--PERSONAL NAME
Personal name Majumdar, Bankim Chandra
700 ## - ADDED ENTRY--PERSONAL NAME
Personal name Sarangi,Mihir
942 ## - ADDED ENTRY ELEMENTS (KOHA)
Source of classification or shelving scheme Dewey Decimal Classification
Item type English Books
Classification part 621.89
Call number suffix GHO
Holdings
Withdrawn status Lost status Not for loan Collection code Home library Current library Date acquired Source of acquisition Cost, normal purchase price Full call number Barcode Copy number Cost, replacement price Koha item type
    Not For Loan Non-fiction D.B.Act.Division D.B.Act.Division 15/05/2013 DBAD/PUB 895.00 621.89 GHO EN-90688 1 895.00 English Books

© Delhi Public Library
Hit Counter
free hit counter